有料特急列車の発車本数が3本以下の駅 - Statistics

General Stats
  • This quiz has been taken 111 times
    69 since last reset
  • The average score is 12 of 76
Answer Stats
Hint 本数 % Correct
北海道 稚内 3
62%
信濃大町 2
33%
白馬 2
33%
飯田 2
33%
岩沼 2
32%
亘理 2
30%
宿毛 3
30%
豊科 2
28%
東日本 青森 3
27%
仙台 3
27%
穂高 2
27%
長野原草津口 2
23%
君津 2
23%
御殿場 3
23%
浜松 1
23%
伊勢崎 1
23%
葛生 1
23%
浦幌 3
22%
沼津 2
22%
奈良 1
22%
新飯塚 2
22%
直方 1
22%
西日本 彦根 2
20%
郡山(奈良県) 2
20%
法隆寺 2
20%
王寺 2
20%
新井 2
20%
聖高原 3
18%
西出雲 2
18%
新可児 2
18%
大和小泉 2
17%
柏原(大阪府) 2
17%
久宝寺 2
17%
新山口 3
17%
飯塚 2
17%
佐野 2
17%
中部 修善寺 2
17%
東海 駿河小山 3
15%
近江八幡 2
15%
八尾 2
15%
大久保 2
15%
網干 1
15%
桂川(福岡) 2
15%
新伊勢崎 2
15%
佐野市 2
13%
新町 2
12%
英賀保 2
12%
吉野ヶ里公園 2
12%
日本ライン今渡 2
12%
平田 3
12%
日吉 3
10%
はりま勝原 2
10%
大在 3
10%
田野 1
10%
山之口 1
10%
三股 1
10%
春日山 2
10%
可児川 2
10%
近畿 久美浜 2
10%
境町 2
8%
関東 片瀬江ノ島 3
8%
仁万 2
7%
関東 木崎 2
7%
田沼 2
7%
夕日ヶ浦木津温泉 3
7%
新橋 2
5%
竹田 2
5%
宮崎神宮 3
5%
関東 印旛日本医大 1
5%
西可児 2
5%
四国 土佐上川口 3
5%
上総興津 3
3%
千葉ニュータウン中央 1
3%
宇奈月温泉 2
3%
九州 久留米大学前 2
2%
電鉄黒部 2
2%
No matching quizzes found
Score Distribution
Percent of People with Each Score
Percentile by Number Answered
Your Score History
You have not taken this quiz since the last reset